000 00654nam a2200229Ia 4500
003 OSt
005 20220918202009.0
006 a|||||r|||| 00| 0
007 ta
008 220917b |||||||| |||| 00| 0 eng d
024 _a97,992
037 _cTextual
040 _aARTS
_cARTS
_beng
041 _2eng
_aeng
082 _aV2:120X7:N6, K6
100 _aSastri K V S
_9101680
245 0 _aFederal State fiscal relations in India
_b study of the finance commission and the techniques of fiscal adjustment
260 _c1966
650 _aHISTORY
942 _hV2:120X7:N6, K6
_cTEXL
_2CC
999 _c221586
_d221586